[Event "C.to Italiano U14 Finale"]
[Site "Torre Macauda - Sciacca ITA"]
[Date "2000.07.06"]
[Round "1"]
[White "Lain, Luigi"]
[Black "Locatelli, Andrea"]
[Result "1/2-1/2"]
[WhiteElo "1804"]
[BlackElo "1542"]
[PlyCount "114"]
[EventDate "2000.07.06"]

1. d4 Nf6 2. c4 e6 3. Nc3 d5 4. Bg5 Nbd7 5. e3 Be7 6. Nf3 O-O 7. Bd3 a6 8. O-O
h6 9. Bh4 dxc4 10. Bxc4 b5 11. Bd3 Bb7 12. Rc1 c5 13. dxc5 Nxc5 14. Be2 Rc8 15.
Nd4 Nd5 16. Bg3 Nxc3 17. Rxc3 Ne4 18. Rd3 Qb6 19. Bf4 Rfd8 20. Bf3 Bd5 21. Qb1
Nf6 22. Bxd5 Rxd5 23. Rfd1 Rcd8 24. Bg3 Nh5 25. Qc2 Rc5 26. Qe2 Nxg3 27. hxg3
Rdc8 28. R3d2 Bf6 29. Nb3 R5c6 30. Rd7 R8c7 31. Qh5 Be7 32. Qe5 Bf6 33. Qh5 Be7
34. R7d3 Bf6 35. Kh2 a5 36. Rd7 Be7 37. Qe5 a4 38. Rd8+ Bxd8 39. Rxd8+ Kh7 40.
Nd4 Qc5 41. Nxc6 Qxc6 42. g4 Rd7 43. Rb8 Rb7 44. Rf8 Qc7 45. Qxc7 Rxc7 46. Rb8
Rc5 47. Kg3 Kg6 48. Kf3 f6 49. Kg3 e5 50. f4 exf4+ 51. exf4 a3 52. b4 Rc3+ 53.
Kh2 Rc2 54. Rxb5 Rxa2 55. Ra5 Rb2 56. b5 a2 57. b6 Rb1 1/2-1/2

[Event "C.to Italiano U14 Finale"]
[Site "Torre Macauda - Sciacca ITA"]
[Date "2000.07.06"]
[Round "1"]
[White "Pulito, Alberto"]
[Black "Amato, Andrea"]
[Result "1/2-1/2"]
[WhiteElo "2086"]
[BlackElo "1687"]
[PlyCount "59"]
[EventDate "2000.07.06"]

1. e4 c5 2. c3 Nf6 3. e5 Nd5 4. d4 cxd4 5. Nf3 Nc6 6. cxd4 d6 7. exd6 Qxd6 8.
Nc3 Nxc3 9. bxc3 g6 10. Be2 Bg7 11. O-O O-O 12. a4 Rd8 13. Ba3 Qc7 14. Qc1 e5
15. Rd1 exd4 16. cxd4 Be6 17. Bb2 Rac8 18. Qc5 Rd5 19. Qc1 Qb6 20. Qd2 Na5 21.
Rac1 Rcd8 22. Bc4 Nxc4 23. Rxc4 Bg4 24. Rb4 Qa6 25. Qf4 Bxf3 26. Qxf3 b6 27.
Qc3 Qe2 28. Re1 Qg4 29. h3 Qd7 30. Rd1 1/2-1/2

[Event "C.to Italiano U14 Finale"]
[Site "Torre Macauda - Sciacca ITA"]
[Date "2000.07.06"]
[Round "2"]
[White "Amato, Andrea"]
[Black "Locatelli, Andrea"]
[Result "0-1"]
[WhiteElo "1687"]
[BlackElo "1542"]
[PlyCount "46"]
[EventDate "2000.07.06"]

1. d4 Nf6 2. c4 e6 3. Nc3 Bb4 4. Bg5 c5 5. e3 Bxc3+ 6. bxc3 d6 7. Nf3 Nc6 8.
Bd3 e5 9. O-O h6 10. Bxf6 Qxf6 11. d5 Ne7 12. Nd2 Ng6 13. Ne4 Qe7 14. Ng3 O-O
15. Qc2 Qe8 16. Rae1 Nh4 17. f4 f5 18. e4 exf4 19. Rxf4 Ng6 20. Rff1 f4 21. Nf5
Qe5 22. Rf2 Bxf5 23. exf5 Qxe1+ 0-1

[Event "C.to Italiano U14 Finale"]
[Site "Torre Macauda - Sciacca ITA"]
[Date "2000.07.06"]
[Round "2"]
[White "Pulito, Alberto"]
[Black "Lain, Luigi"]
[Result "1/2-1/2"]
[WhiteElo "2086"]
[BlackElo "1804"]
[PlyCount "52"]
[EventDate "2000.07.06"]

1. e4 e5 2. Nf3 Nc6 3. Nc3 Bb4 4. Bb5 Nf6 5. O-O O-O 6. d3 d6 7. Bg5 Bxc3 8.
bxc3 Bg4 9. Re1 h6 10. Bh4 Re8 11. h3 Bh5 12. g4 Bg6 13. Nd2 Bh7 14. Bxf6 Qxf6
15. Qf3 Qxf3 16. Nxf3 a6 17. Bxc6 bxc6 18. Rab1 Rab8 19. Rb3 Rb6 20. Reb1 Reb8
21. c4 Kf8 22. c3 Ke7 23. Nd2 f6 24. f3 Bg8 25. d4 Bf7 26. d5 c5 1/2-1/2

[Event "C.to Italiano U14 Finale"]
[Site "Torre Macauda - Sciacca ITA"]
[Date "2000.07.07"]
[Round "3"]
[White "Locatelli, Andrea"]
[Black "Pulito, Alberto"]
[Result "0-1"]
[WhiteElo "1542"]
[BlackElo "2086"]
[PlyCount "80"]
[EventDate "2000.07.06"]

1. e4 e6 2. d4 d5 3. Nc3 Nc6 4. Nf3 Nf6 5. exd5 Nxd5 6. Ne4 Be7 7. c3 O-O 8.
Bd3 b6 9. O-O Bb7 10. Qe2 Re8 11. Ne5 f6 12. Nxc6 Bxc6 13. Ng5 fxg5 14. Qxe6+
Kh8 15. Qxc6 Bf6 16. Qa4 Qd6 17. Qc2 h6 18. Be4 Rad8 19. Bxd5 Qxd5 20. Be3 Re7
21. Qb3 Qf5 22. Rae1 h5 23. Re2 h4 24. Qc2 Qe6 25. Rfe1 Qxa2 26. Qf5 Qc4 27.
Qg6 Kg8 28. Qc2 Rde8 29. b4 Kh8 30. Kf1 g4 31. Rd1 h3 32. gxh3 Qd5 33. Ke1 gxh3
34. Kd2 c5 35. Qd3 cxb4 36. c4 Qa5 37. Rde1 b3+ 38. Qc3 Qa4 39. Kc1 a5 40. Rd2
Bg5 0-1